Loading...
| Literature - European | 2 | 3 | 1 | 1 | 55 | 51 | 81.00 | 2 | 4 | 24.33 | 40.28 |
| Science - Biology | 2 | 3 | 3 | 1 | 45 | 44 | 74.80 | 0 | 3 | 18.58 | 34.72 |
| Literature - British | 2 | 1 | 1 | 0 | 35 | 52 | 71.00 | 2 | 3 | 17.44 | 29.17 |
| Science - Chemistry | 0 | 4 | 2 | 0 | 30 | 58 | 83.75 | 1 | 2 | 11.68 | 29.17 |
| Literature - American | 2 | 0 | 1 | 0 | 25 | 17 | 48.50 | 2 | 2 | 14.85 | 22.22 |
| Science - Physics | 1 | 2 | 3 | 0 | 20 | 38 | 57.67 | 2 | 3 | 15.71 | 30.56 |
| Fine Arts - Painting and Sculpture | 0 | 2 | 0 | 1 | 20 | 86 | 103.00 | 0 | 0 | 4.52 | 6.94 |
| Social Science | 1 | 0 | 0 | 0 | 15 | 75 | 75.00 | 1 | 1 | 5.36 | 11.11 |
| Mythology | 1 | 0 | 0 | 0 | 15 | 48 | 48.00 | 1 | 1 | 7.07 | 11.11 |
| Science - Other | 0 | 2 | 2 | 1 | 10 | 52 | 85.00 | 0 | 1 | 6.90 | 7.81 |
| Philosophy | 0 | 1 | 0 | 1 | 10 | 129 | 129.00 | 0 | 0 | 0.09 | 1.39 |
| History - World | 0 | 1 | 1 | 1 | 5 | 119 | 119.00 | 0 | 0 | 0.09 | 1.39 |
| History - European | 1 | 0 | 2 | 0 | 5 | 36 | 36.00 | 1 | 1 | 7.72 | 11.11 |
| Literature - World | 1 | 0 | 3 | 0 | 0 | 21 | 21.00 | 1 | 1 | 9.56 | 11.11 |
| Fine Arts - Other | 0 | 0 | 0 | 0 | 0 | 0.00 | 0 | 0 | 0.00 | 0.00 | |
| History - American | 0 | 0 | 1 | 0 | -5 | 0.00 | 0 | 0 | 0.00 | 0.00 | |
| History - Ancient/Other | 0 | 0 | 1 | 0 | -5 | 0.00 | 0 | 0 | 0.00 | 0.00 |